000 00531nam a22001817a 4500
005 20231113104451.0
008 231113b |||||||| |||| 00| 0 eng d
020 _a978072165573
041 _aEnglish
082 _a345 BUR
100 _aBurchell, J
_lEnglish
245 _aPrinciples of Criminal Law /
_cJ Burchell
250 _aThird Edition
260 _aCape Town :
_bJuta and Company Ltd,
_c2005
300 _blxx, 1047 pages ;
_c25 cm.
650 _aLegal practice
_bLaw
942 _cBK
_6ALISON_BN_VRIES
999 _c559
_d559